| 000 | 01015nas a2200337 4500 | ||
|---|---|---|---|
| 001 | BR2016001865 | ||
| 003 | BR-BrBNA | ||
| 005 | 20231205130318.0 | ||
| 007 | ta | ||
| 008 | 230509b bl.|||p| |||| 00| 00por d | ||
| 040 |
_aBR-BrBNA _bpor _cBiblioteca Nacional de Agricultura |
||
| 041 | _a(Pt) | ||
| 072 | _aL73 | ||
| 100 | 1 | _aArruda, R.C.N. de | |
| 100 | 1 | _aSegundo, J.M.F. | |
| 100 | 1 | _aSoares, B.A. | |
| 100 | 1 | _aMartins, N.R.S. | |
| 100 | 1 | _aBarçante, T.A. | |
| 100 | 1 | _aBarçante, J.M.P. | |
| 245 | 1 | _aInvestigação epidemiológica de estomatite vesicular por achados clínicos em bovinos e equinos no estado do Maranhão | |
| 650 | _aBOVINO | ||
| 650 | _aEQUINO | ||
| 650 | _aESTOMATITE | ||
| 650 | _aEPIDEMIOLOGIA | ||
| 650 | _aINFECÇÃO | ||
| 650 | _aAFTOSA | ||
| 650 | _aDOENÇA ANIMAL | ||
| 773 | 0 |
_tPesquisa Veterinária Brasileira (Brazil) _xISSN 0100-736X _g(May 2015), v. 35(5) p. 391-395 _wBR2016001865 |
|
| 909 |
_a202311 _bLúcia _c55 _dLúcia Elande |
||
| 942 |
_2AGRIS _n0 _cANA |
||
| 999 |
_c248792 _d248792 |
||